Statistics for Gary Ryan

Click here to take the quiz!

General Stats

  • This quiz has been taken 17 times
    (5 since last reset)
  • The average score is 4 of 13

Answer Stats

HintAnswer% Correct
His favorite animalSquirrel
100%
His favorite snackAnimal Crackers
50%
What is his cat's nameDaddy-O
50%
When is his birthdayDecember 14
50%
His signature drinkFrosty drinks
50%
His favorite colorGreen
50%
His filler wordUh
50%
Guilty Pleasure #2Brown and Brown Commercials
0%
His favorite candyChocolate
0%
Guilty Pleasure #1Flex Tape
0%
His opinion of literatureIt's really a beautiful thing
0%
What happened 100 years before he was bornKansas-Nebraska Act
0%
The last meat he's ever eatenMoo shu pork
0%

Score Distribution

Percentile by Number Answered

Percent of People with Each Score

Your Score History

You have not taken this quiz since the last reset